Architecture now !
| Main Author: | |
|---|---|
| Format: | Section = Libro |
| Language: | Undetermined Spanish |
| Published: |
London
TASCHEN
2002
|
| Subjects: |
| LEADER | 00508nam a2200205Ia 4500 | ||
|---|---|---|---|
| 008 | 240829s9999 xx 000 0 und d | ||
| 020 | |a 978-3-8228-3792-4 | ||
| 040 | |a BIBLIOTECA-RUSB/ 720 J63 | ||
| 041 | |a spa | ||
| 082 | |a 720 J63 | ||
| 100 | 1 | |a Jodidio, Philip | |
| 245 | 1 | 0 | |a Architecture now ! |
| 260 | |a London |b TASCHEN |c 2002 | ||
| 300 | |a 347 p. :il. | ||
| 650 | 7 | |a ARQUITECTURA-ARTE | |
| 650 | 7 | |b FUTURO-CONSTRUCCION VIRTUAL | |
| 650 | 7 | |c NUEVAS FORMA | |
| 942 | |c BK |2 ddc | ||
| 991 | |a TEXTO | ||
| 999 | |c 4914 | ||